The craft of public administration /
محفوظ في:
| المؤلف الرئيسي: | |
|---|---|
| مؤلفون آخرون: | |
| التنسيق: | كتاب |
| منشور في: |
Boston :
McGraw-Hill,
c2004.
|
| الطبعة: | 9th ed. |
| الموضوعات: | |
| الوصول للمادة أونلاين: | http://www.loc.gov/catdir/description/mh031/2002043214.html http://www.loc.gov/catdir/toc/mh031/2002043214.html |
| الوسوم: |
إضافة وسم
لا توجد وسوم, كن أول من يضع وسما على هذه التسجيلة!
|
MARC
| LEADER | 00000cam a22000004a 4500 | ||
|---|---|---|---|
| 005 | 20260415122445.0 | ||
| 020 | |a 0072817402 |c TZS 10,000/= | ||
| 020 | |a 9780072817409 | ||
| 040 | |a MCCL |b eng. |e AACR 2nd rev. ed. | ||
| 082 | 0 | 0 | |a 351 BER |
| 100 | 1 | |a Berkley, George | |
| 245 | 1 | 4 | |a The craft of public administration / |c George Berkley and John Rouse. |
| 250 | |a 9th ed. | ||
| 260 | |a Boston : |b McGraw-Hill, |c c2004. | ||
| 300 | |a xiv, 416 p. : |b ill. ; |c 23 cm. | ||
| 504 | |a Includes bibliographical references and index. | ||
| 650 | 0 | |a Public administration. | |
| 700 | 1 | |a Rouse, John E. | |
| 856 | 4 | 2 | |u http://www.loc.gov/catdir/description/mh031/2002043214.html |
| 856 | 4 | 1 | |u http://www.loc.gov/catdir/toc/mh031/2002043214.html |
| 942 | |c BK | ||
| 999 | |c 12650 |d 12650 | ||